000 00825nam a22001697a 4500
999 _c63879
_d63879
003 Ge_BSU
005 20260211134717.0
008 260211s1967 ge ||||| |||| 00| 0 geo d
041 _ageo
080 _a911.3:33(479.22)(075.3) კ-26
100 _aკარბელაშვილი, ლუარსაბ
_926874
245 _aსაქართველოს სსრ ეკონომიური გეოგრაფია :
_bVIII კლასის სახელმძღვ. /
_cლუარსაბ კარბელაშვილი.
264 _aთბილისი :
_bგანათლება,
_c1967.
300 _a103 გვ. :
_b ილ. ;
_c22 სმ.
653 _aსაქართველოს ეკონომიური გეოგრაფია
942 _2udc
_cᲬᲘᲒᲜᲘ